Dharma-adharma and morality in Mahabharata (Record no. 397316)

MARC details
000 -LEADER
fixed length control field 00422nam a2200169 4500
005 - DATE & TIME
control field 20260420103235.0
008 - FIXED-LENGTH DATA ELEMENTS--GENERAL INFORMATION
fixed length control field 260420b |||||||| |||| 00| 0 eng d
020 ## - ISBN
Price Rs. 220.00
040 ## - CATALOGING SOURCE
Original cataloging agency VIVEKANANDA LIBRARY
082 ## - DDC NUMBER
Classification number 294.592309
Book Number B469D
100 ## - MAIN ENTRY--PERSONAL NAME
Personal name Bhattacharya, A N
245 ## - TITLE STATEMENT
Title Dharma-adharma and morality in Mahabharata
260 ## - PUBLICATION, DISTRIBUTION, ETC. (IMPRINT)
Place of publication, distribution, etc Delhi
Name of publisher, distributor, etc S S Publishers
Date of publication, distribution, etc 1992
300 ## - PHYSICAL DESCRIPTION
Pages 192
650 ## - Subject
Subject Religion
942 ## - ADDED ENTRY ELEMENTS (KOHA)
Koha item type Books
Holdings
Withdrawn status Lost status Source of classification or shelving scheme Damaged status Not for loan Location (home branch) Sublocation or collection (holding branch) Shelving location Date acquired Koha issues (times borrowed) Koha full call number Accession No. Koha date last seen Koha item type
    Dewey Decimal Classification     VIVEKANANDA LIBRARY VIVEKANANDA LIBRARY Vivekananda Library 20/04/2026   294.592309 B469D 137335 20/04/2026 Books
© Designed and Maintained by Vivekananda Library, MDU Rohtak